Arbeitsorganisation und Neue Technologien Impulse für eine weitere Interation der traditionellen arbeitswissenschaftlichen Entwicklungsbereiche

Salvato in:
Dettagli Bibliografici
Altri autori: Hackstein, R.
Natura: Libro
Lingua:tedesco
Pubblicazione: Berlin Springer 1986
Edizione:1. Aufl.
Tags: Aggiungi Tag
Nessun Tag, puoi essere il primo ad aggiungerne!!

MARC

LEADER 00000nam a2200000 4500
001 c027695
005 20221207071502.3
041 0 |a ger 
044 |a DE 
245 1 0 |a Arbeitsorganisation und Neue Technologien  |b Impulse für eine weitere Interation der traditionellen arbeitswissenschaftlichen Entwicklungsbereiche  |c Red. R. Hackstein 
250 |a 1. Aufl. 
264 1 |a Berlin  |b Springer  |c 1986 
300 |a 955 s. 
700 1 |a Hackstein, R.